000
00475nam a2200169Ia 4500
008
090711s9999 xx 000 0 und d
082
_b
64775
100
_a
बोराडे रा. रं.
245
_a
Sाारा पाणी
260
_c
1990
300
_a
99
600
_a
बोराडे रा. रं.
630
_a
Sाारा पाणी
700
_a
बोराडे रा. रं.
730
_a
Sाारा पाणी
942
_c
BOOK
999
_c
299159
_d
299159